ՀՀ Գիտությունների ազգային ակադեմիայի հիմնարար գիտական գրադարան  =   Fundamental Scientific Library of NAS RA

Палинологические исслежования в Белоруссии и других районах СССР / (Record no. 359400)

MARC details
000 -LEADER
fixed length control field 00918nam a2200193 a 4500
001 - CONTROL NUMBER
control field 001117090
003 - CONTROL NUMBER IDENTIFIER
control field AM-YeHGA
005 - DATE AND TIME OF LATEST TRANSACTION
control field 20250617151849.0
008 - FIXED-LENGTH DATA ELEMENTS--GENERAL INFORMATION
fixed length control field 151130s1971 ru r 000 0 rus d
040 ## - CATALOGING SOURCE
Original cataloging agency AM-YeHGA
041 0# - LANGUAGE CODE
Language code of text/sound track or separate title rus
090 ## - LOCALLY ASSIGNED LC-TYPE CALL NUMBER (OCLC); LOCAL CALL NUMBER (RLIN)
-- 361227
245 00 - TITLE STATEMENT
Title Палинологические исслежования в Белоруссии и других районах СССР /
Statement of responsibility, etc. Белорусский научно-исслед. геологоразведочный ин-т; Отв. ред. В.К. Голубцов.
260 ## - PUBLICATION, DISTRIBUTION, ETC.
Place of publication, distribution, etc. Минск :
Name of publisher, distributor, etc. Наука и техника,
Date of publication, distribution, etc. 1971.
300 ## - PHYSICAL DESCRIPTION
Extent 220 с. :
Other physical details [21] л. ил.
653 0# - INDEX TERM--UNCONTROLLED
Uncontrolled term Геология - Палинология - Стратиграфия
700 1# - ADDED ENTRY--PERSONAL NAME
Personal name Голубцов, В.К.
Relator term ред.
Relationship edt
710 2# - ADDED ENTRY--CORPORATE NAME
Corporate name or jurisdiction name as entry element Белорусский научно-исследовательский геологоразведочный институт
Holdings
Withdrawn status Lost status Damaged status Not for loan Collection Home library Current library Date acquired Total checkouts Full call number Barcode Date last seen Price effective from Koha item type Public note
        General Fundamental Scientific Library Fundamental Scientific Library 11/01/2017   PIII/32509 FL0366768 11/01/2017 11/01/2017 Գրքեր / Books 30 Days Loan


ՀՀ ԳԱԱ հիմնարար գիտական գրադարան
ՀՀ,Երևան 0019
Մարշալ Բաղրամյան 24/6
հեռախոս:(374-10) 52-47-50
Հետադարձ կապ

All site content, except where otherwise noted, is licensed under a
Creative Commons License